| 000 | 00484nam a2200169Ia 4500 | ||
|---|---|---|---|
| 005 | 20250508160027.0 | ||
| 008 | 008 250505s9999 xx 000 0 eng d | ||
| 037 | _aBooks to be hide in OPAC | ||
| 040 |
_aFEDL _beng _cFEDL |
||
| 041 |
_aeng _2eng |
||
| 084 |
_a379.549, HYD/O _qFEDL |
||
| 245 | 0 | _aManual of the educational department, Hyderabad assigned districts | |
| 260 | _c1893 | ||
| 300 | _a61p. | ||
| 942 |
_cHB _h379.549, HYD/O |
||
| 999 |
_c1361180 _d1361180 |
||